|
|
|
|
| LEADER |
00934cam a2200361 i 4500 |
| 001 |
000045336 |
| 003 |
4511 |
| 005 |
20030227090226.0 |
| 008 |
010319|1997 vm 000 eng |
| 020 |
|
|
|a 0043050077
|
| 040 |
|
|
|a IRC
|c IRC
|d IRC
|
| 041 |
0 |
|
|a eng
|
| 082 |
1 |
4 |
|a 371.30281
|b OR-F
|
| 100 |
1 |
|
|a Orr, Fred.
|
| 245 |
0 |
0 |
|a How to succed at part-time study /
|c Fred Orr.
|
| 260 |
|
|
|a St Leonards NSW :
|b Allen and Unwin,
|c 1997.
|
| 300 |
|
|
|a xi, 148p. :
|b ill.
|
| 630 |
0 |
4 |
|a Education.
|
| 630 |
0 |
4 |
|a Study.
|
| 650 |
0 |
4 |
|a Study skills.
|
| 650 |
0 |
4 |
|a Students, Part-time
|x Time management.
|
| 650 |
0 |
4 |
|a Students
|x Part-time
|x Life skills
|v Guides.
|
| 650 |
0 |
4 |
|a Students
|v Handbooks.
|
| OWN |
|
|
|a DUT
|
| 999 |
|
|
|a From the UDN01
|
| TYP |
|
|
|a Monograph
|
| TYP |
|
|
|a Printed language
|
| 980 |
|
|
|a Mạng thư viện Đại học Đà Nẵng
|